La COP30 vue par les mouvements autochtones : un conflit cosmopolitique (notice n° 2211298)

détails MARC
000 -LEADER
fixed length control field 01334cam a2200277 4500500
005 - DATE AND TIME OF LATEST TRANSACTION
control field 20260412001147.0
041 ## - LANGUAGE CODE
Language code of text/sound track or separate title fre
042 ## - AUTHENTICATION CODE
Authentication code dc
100 10 - MAIN ENTRY--PERSONAL NAME
Personal name Guató, Júlio
Relator term author
245 00 - TITLE STATEMENT
Title La COP30 vue par les mouvements autochtones : un conflit cosmopolitique
260 ## - PUBLICATION, DISTRIBUTION, ETC.
Date of publication, distribution, etc. 2026.<br/>
500 ## - GENERAL NOTE
General note 5
520 ## - SUMMARY, ETC.
Summary, etc. Les dynamiques globales ont un impact local, et les représentants gouvernementaux en sont bien conscients. Mais l’influence des politiques locales – et a fortiori des mouvements autochtones – sur la scène mondiale semble largement ignorée. Retour sur l’impact de leur mobilisation pendant la COP30 à travers le regard de trois militants de la Teia dos Povos (La Toile du Peuple), une alliance des peuples autochtones, des quilombos et des paysans sans terre.
690 ## - LOCAL SUBJECT ADDED ENTRY--TOPICAL TERM (OCLC, RLIN)
Topical term or geographic name as entry element #CLIMAT
690 ## - LOCAL SUBJECT ADDED ENTRY--TOPICAL TERM (OCLC, RLIN)
Topical term or geographic name as entry element #COP
690 ## - LOCAL SUBJECT ADDED ENTRY--TOPICAL TERM (OCLC, RLIN)
Topical term or geographic name as entry element #COSMOLOGIES INDIGÈNES
690 ## - LOCAL SUBJECT ADDED ENTRY--TOPICAL TERM (OCLC, RLIN)
Topical term or geographic name as entry element #COSMOPOLITIQUE
690 ## - LOCAL SUBJECT ADDED ENTRY--TOPICAL TERM (OCLC, RLIN)
Topical term or geographic name as entry element #MOUVEMENTS SOCIAUX
690 ## - LOCAL SUBJECT ADDED ENTRY--TOPICAL TERM (OCLC, RLIN)
Topical term or geographic name as entry element #POLITIQUE
690 ## - LOCAL SUBJECT ADDED ENTRY--TOPICAL TERM (OCLC, RLIN)
Topical term or geographic name as entry element INTERVENTIONS
700 10 - ADDED ENTRY--PERSONAL NAME
Personal name Nogueira, Patrícia
Relator term author
700 10 - ADDED ENTRY--PERSONAL NAME
Personal name Andrade, Tiago
Relator term author
700 10 - ADDED ENTRY--PERSONAL NAME
Personal name da Silva, Gabriel Martins
Relator term author
786 0# - DATA SOURCE ENTRY
Note Les Temps qui restent | 7 | 3 | 2026-02-20 | p. 250-255 | 3038-0464
856 41 - ELECTRONIC LOCATION AND ACCESS
Uniform Resource Identifier <a href="https://shs.cairn.info/revue-les-temps-qui-restent-2025-3-page-250?lang=fr&redirect-ssocas=7080">https://shs.cairn.info/revue-les-temps-qui-restent-2025-3-page-250?lang=fr&redirect-ssocas=7080</a>

Pas d'exemplaire disponible.

PLUDOC

PLUDOC est la plateforme unique et centralisée de gestion des bibliothèques physiques et numériques de Guinée administré par le CEDUST. Elle est la plus grande base de données de ressources documentaires pour les Étudiants, Enseignants chercheurs et Chercheurs de Guinée.

Adresse

627 919 101/664 919 101

25 boulevard du commerce
Kaloum, Conakry, Guinée

Réseaux sociaux

Powered by Netsen Group @ 2025